Pozycja Personal Name
Liczba rekordów, w których użyto hasła: 2
001 - Numer kontrolny
- control field: 8110
003 - Identyfikator numeru kontrolnego
- control field: OLSZT 008
005 - Data i czas ostatniej modyfikacji
- control field: 20230515220004.0
008 - Dane kontrolne kodowane (40 znaków)
- fixed length control field: 960309n||a|nnnabbn |a aaa |c
010 ## - Numer kontrolny Biblioteki Kongresu
- numer kontrolny LC: n 96203093
024 7# - OTHER STANDARD IDENTIFIER
- Standard number or code: http://viaf.org/viaf/15155319
- Source of number or code: uri
024 7# - OTHER STANDARD IDENTIFIER
- Standard number or code: http://isni.org/isni/0000000071459426
- Source of number or code: uri
024 7# - OTHER STANDARD IDENTIFIER
- Standard number or code: https://www.wikidata.org/wiki/Q11738482
- Source of number or code: uri
024 7# - OTHER STANDARD IDENTIFIER
- Standard number or code: http://nukat.edu.pl/aut/n 96203093
- Source of number or code: uri
039 #9 -
- : 201912300018
- : VLOAD
- : 201912230532
- : VLOAD
- : 201911270023
- : VLOAD
- : 201911262247
- : VLOAD
- : 200205310936
- : load
040 ## - Instytucja sporządzająca rekord
- inst. przygot. dane do rek. khw: KR U/MZ
- inst. wprow. rek. khw: KR U/MZ
- inst. modyf. rek. khw: KR 7/EG
- inst. modyf. rek. khw: LUBL M/mm
- inst. modyf. rek. khw: LUBL U/PA
- inst. modyf. rek. khw: LUBL U/esz
- inst. modyf. rek. khw: WA U/45TC
- inst. modyf. rek. khw: WA U/76MP
- inst. modyf. rek. khw: WA U/JL
- inst. modyf. rek. khw: WA U/AS
- inst. modyf. rek. khw: KR 307/KM
046 ## - Special dates
- Birth date: 1880
- Death date: 1941
100 1# - Hasło - nazwa osobowa
- nazwa osobowa w formie ujednoliconej: Kumaniecki, Kazimierz Władysław
- daty biograficzne: (1880-1941).
368 ## - Other Attributes
- Title of person: prof. prawa administracyjnego
372 ## - Field of activity
- Field: Prawo.
- Auth control #: http://nukat.edu.pl/aut/s 94013097
- Source of term: kaba
372 ## - Field of activity
- Field: Prawo administracyjne.
- Auth control #: http://nukat.edu.pl/aut/s 96011732
- Source of term: kaba
374 ## - Occupation
- Occupation: Prawnicy.
- Auth control #: http://nukat.edu.pl/aut/s 95011492
- Source of term: kaba
400 1# - Trop zob. - nazwa osobowa
- nazwa osobowa (nazwisko, imiona): Kumaniecki, K. W.
400 1# - Trop zob. - nazwa osobowa
- nazwa osobowa (nazwisko, imiona): Kumaniecki, Kaz. Wład.
400 1# - Trop zob. - nazwa osobowa
- nazwa osobowa (nazwisko, imiona): Kumaniecki.
400 1# - Trop zob. - nazwa osobowa
- nazwa osobowa (nazwisko, imiona): Kumaniecki, K.
400 1# - Trop zob. - nazwa osobowa
- nazwa osobowa (nazwisko, imiona): Kumaniecki, Kasimir Ladislaus.
400 1# - Trop zob. - nazwa osobowa
- nazwa osobowa (nazwisko, imiona): Kumaniecki, Casimiro Vladislao.
400 1# - Trop zob. - nazwa osobowa
- nazwa osobowa (nazwisko, imiona): Kumaniecki, Kazimierz.
400 1# - Trop zob. - nazwa osobowa
- nazwa osobowa (nazwisko, imiona): Kumaniecki, Kazimierz W.
400 1# - Trop zob. - nazwa osobowa
- nazwa osobowa (nazwisko, imiona): Kumaniecki, Kaz. Wł.
670 ## - Źródło informacji
- źródło informacji: PSB
670 ## - Źródło informacji
- źródło informacji: O naprawę Rzeczypospolitej / K. W. Kumaniecki [et al.]. - Kraków, 1922.
670 ## - Źródło informacji
- źródło informacji: Kp. Zarys urządzenia administracyi w Polsce / Kaz. Wład. Kumaniecki. - Kraków, 1918.
670 ## - Źródło informacji
- źródło informacji: Kp. Zarys ustroju postępowania i prawa administracyjnego w Polsce / Kumaniecki, Langrod, Wachholz. - Kraków ; Warszawa, 1939.
670 ## - Źródło informacji
- źródło informacji: Statystyka Polski / A. Krzyżanowski i K. Kumaniecki. - Kraków, 1915.
670 ## - Źródło informacji
- źródło informacji: Kp. Die statistische Übersicht Galiziens vom Jahre 1808 / von Kasimir Ladislaus Kumaniecki. - Brünn, 1913.
670 ## - Źródło informacji
- źródło informacji: Kp. Le vicende degli Istituto di Diritto Civile / Casimiro Vladislao Kumaniceki. - Roma, 1930.
670 ## - Źródło informacji
- źródło informacji: Kp. Obce ustroje administracyjne / Kazimierz Kumaniecki. - Kraków, 1935.
670 ## - Źródło informacji
- źródło informacji: Über die neue Verfassung der Selbstverwaltung in Polen / Kazimierz W. Kumaniecki. - Berlin, po 1933.
670 ## - Źródło informacji
- źródło informacji: W sprawie ochrony małoletnich przed zbrodniami / dr. Kaz. Wł. Kumaniecki. - Kraków, 1905.
999 ## -
- : VIRTUA40 x
999 ## -
- : VTLSSORT0010*0080*0100*0240*0241*0242*0390*0400*1000*4000*4001*4002*4003*4004*4005*4006*4007*4008*6670*6700*6701*6702*6703*6704*6705*6706*6707*6708*6709*9992